000
00335nam a2200145Ia 4500
005
20251222141954.0
008
251222s9999||||xx |||||||||||||| ||spa||
020
_a
8471188708
082
_a
150/U87
100
_a
Urteaga, Jesús
245
0
_a
Dios y la Familia
250
_a
1ra.ed.
264
_b
Ediciones Palabra S.A.
942
_c
LIB
999
_c
9771
_d
9771